000
00233 a2200097 4500
001
59826
100
_a
245
_a
State and Politics; A Case Study of Pakistan
260
_a
Lahore
_b
Al Faisal Nashran
_c
1997
090
_c
36662
_d
36662
942
_a
NUST-CAE
_c
_c
29627
999
_c
294899
_d
294899